000 nam a22 a 4500
999 _c431245
_d431245
003 BLK
005 20210908123457.0
008 210908b bu |||||r|||| 00| | bu d
040 _aBLK
041 _aFRE
_cFRE
080 _aИстория на Швейцария
_b94(494)
_z94(494)
100 _9464036
_aThorens, Charles
_eпърви автор
139 _aThorens, Charles
245 _aAbrege de l'histoire de Geneve
_cCharles Thorens
260 _aGeneve
_bF. Richard
_c1878
_9464037
300 _aVIII, 343 p.
_c20 cm
380 _a9
490 _9435080
_aКолекция Редки и ценни издания
500 _aПодпис Д. Каранешев
650 0 _9281451
_aШвейцария - история
651 0 _9464038
_aЖенева
653 7 _9187889
_aистория
852 _aРф 878
_bРц
942 _cKNG
_n0
_s1
944 _aCR
_c2021-09-08
_kГГГ
999 _d431245